Statistics for Easy quiz

Click here to take the quiz!

General Stats

  • This quiz has been taken 1,054 times
  • The average score is 8 of 15

Answer Stats

QuestionAnswer% Correct
Who shot Abraham Lincoln in the headJohn Wilkes Booth
68%
Best quality of life countrySwitzerland
68%
Singer of 'Running Up That Hill'Kate Bush
60%
Highest rated TV show of all timeBreaking Bad
55%
Three colors of the Bulgarian flagGreen, white, and red
53%
Required SAT score to get into Columbia University1490 +
48%
Most populated city that starts with an EEdmonton
48%
Tenth most used word in the English alphabetThat
48%
Worst quality of life countryVenezuela
48%
Height of the tallest building in the world (The Burj Khalifa)2,717 feet
45%
15th tallest skyscraper in the world as of 2023Central Park Tower
45%
Main villain of the 'James Bond' seriesErnst Stavro Blofeld
45%
Most read newsletter in AfricaGIJN Africa Bulletin
45%
Founder of ethiopiaKing Azana of Axum
45%
Director of 'The Witcher'Tomasz Bagiński
45%

Score Distribution

Percentile by Number Answered

Percent of People with Each Score

Your Score History

You have not taken this quiz